[Event "MCR druzstev mladsich zaku 2016"]
[Site "Hradec Kralove"]
[Date "2016.06.12"]
[Round "6.18"]
[White "Kulasova (Novy Bor), Nikola"]
[Black "Hejda (VSTE CB), Ondrej"]
[Result "0-1"]
[BlackElo "1102"]
[WhiteElo "1000"]
[LiveChessVersion "1.4.8"]

1. d4 {[%clk 0:25:18]} d5 {[%clk 0:25:17]} 2. Nf3 {[%clk 0:25:20]} Bf5
{[%clk 0:25:22]} 3. Nc3 {[%clk 0:25:26]} e6 {[%clk 0:25:29]} 4. Bf4
{[%clk 0:25:03]} Nc6 {[%clk 0:25:34]} 5. Ne5 {[%clk 0:24:24]} Nxe5 6. Bxe5
{[%clk 0:24:25]} Nf6 {[%clk 0:25:23]} 7. e3 {[%clk 0:24:21]} Be7 {[%clk 0:25:17]}
8. Bb5+ {[%clk 0:24:21]} c6 {[%clk 0:24:55]} 9. Be2 {[%clk 0:24:14]} O-O
{[%clk 0:24:39]} 10. O-O {[%clk 0:24:22]} h6 {[%clk 0:24:09]} 11. Bxf6
{[%clk 0:24:17]} Bxf6 {[%clk 0:23:58]} 12. Na4 {[%clk 0:24:05]} b5
{[%clk 0:23:41]} 13. Nc3 {[%clk 0:23:48]} Qd6 {[%clk 0:23:16]} 14. Bh5
{[%clk 0:23:20]} g6 {[%clk 0:22:49]} 15. Bg4 {[%clk 0:23:24]} Bxg4
{[%clk 0:22:32]} 16. Qxg4 {[%clk 0:23:28]} h5 17. Qf3 {[%clk 0:23:18]} Qb4
{[%clk 0:21:39]} 18. Rab1 {[%clk 0:23:17]} c5 {[%clk 0:21:15]} 19. dxc5
{[%clk 0:23:15]} Qxc5 {[%clk 0:21:06]} 20. Qxf6 {[%clk 0:23:10]} b4
{[%clk 0:20:40]} 21. Na4 {[%clk 0:22:15]} Qxc2 {[%clk 0:20:26]} 22. b3
{[%clk 0:20:11]} Rac8 {[%clk 0:20:10]} 23. Qd4 {[%clk 0:19:23]} Rc7
{[%clk 0:20:01]} 24. Rbc1 {[%clk 0:19:11]} Qxc1 {[%clk 0:19:55]} 25. Qf4
{[%clk 0:18:43]} Rc2 {[%clk 0:19:52]} 26. g3 {[%clk 0:18:23]} Qd2
{[%clk 0:19:49]} 27. Kg2 {[%clk 0:17:29]} Rfc8 {[%clk 0:19:31]} 28. Qf3
{[%clk 0:15:49]} Rc1 {[%clk 0:19:32]} 29. Rxc1 {[%clk 0:15:41]} Rxc1
{[%clk 0:19:38]} 30. Kh3 {[%clk 0:15:23]} g5 {[%clk 0:19:43]} 31. Qxh5
{[%clk 0:15:22]} Qxf2 {[%clk 0:19:34]} 32. Qxg5+ {[%clk 0:15:27]} Kh7
{[%clk 0:19:40]} 33. Qh4+ {[%clk 0:15:24]} Kg6 {[%clk 0:19:42]} 34. Qg4+
{[%clk 0:15:26]} Kf6 {[%clk 0:19:46]} 35. Kh4 {[%clk 0:15:27]} Qxh2+ 0-1

[Event "MCR druzstev mladsich zaku 2016"]
[Site "Hradec Kralove"]
[Date "2016.06.12"]
[Round "7.1"]
[White "Nemecek (Ricany A), Lukas"]
[Black "Krejcok (BSS F-M \"A\"), Tobias"]
[Result "1/2-1/2"]
[BlackElo "1794"]
[WhiteElo "1522"]
[LiveChessVersion "1.4.8"]

1. e4 {[%clk 0:25:06]} c5 {[%clk 0:25:16]} 2. Nc3 {[%clk 0:24:26]} Nc6
{[%clk 0:25:24]} 3. g3 {[%clk 0:24:31]} g6 {[%clk 0:25:17]} 4. Bg2
{[%clk 0:24:37]} Bg7 {[%clk 0:25:21]} 5. d3 {[%clk 0:24:38]} d6 {[%clk 0:24:28]}
6. Be3 {[%clk 0:24:27]} Nf6 {[%clk 0:24:25]} 7. Qd2 {[%clk 0:24:05]} Ng4
{[%clk 0:21:57]} 8. Nge2 {[%clk 0:23:14]} Nxe3 {[%clk 0:21:53]} 9. Qxe3
{[%clk 0:23:16]} Nd4 {[%clk 0:21:25]} 10. Qd2 {[%clk 0:22:37]} O-O
{[%clk 0:21:11]} 11. O-O {[%clk 0:22:35]} Bd7 {[%clk 0:20:17]} 12. f4
{[%clk 0:17:59]} Bg4 {[%clk 0:17:24]} 13. Kh1 {[%clk 0:14:39]} Qa5
{[%clk 0:15:23]} 14. Nc1 {[%clk 0:10:59]} Nb5 {[%clk 0:13:50]} 15. h3
{[%clk 0:09:32]} Bd7 {[%clk 0:12:17]} 16. N1e2 {[%clk 0:09:33]} e6
{[%clk 0:11:29]} 17. Rfd1 {[%clk 0:09:08]} Kh8 {[%clk 0:09:43]} 18. Nxb5
{[%clk 0:08:19]} Qxb5 {[%clk 0:09:49]} 19. c3 {[%clk 0:08:00]} Bc6
{[%clk 0:09:31]} 20. Rac1 {[%clk 0:06:39]} Rad8 {[%clk 0:06:43]} 21. b3
{[%clk 0:05:04]} f5 {[%clk 0:06:18]} 22. Qe3 {[%clk 0:04:53]} e5 {[%clk 0:05:19]}
23. Rd2 {[%clk 0:04:10]} exf4 {[%clk 0:05:13]} 24. gxf4 {[%clk 0:04:05]} Rde8
{[%clk 0:04:44]} 25. Ng3 {[%clk 0:03:52]} h5 {[%clk 0:04:36]} 26. Kh2
{[%clk 0:03:06]} Re7 {[%clk 0:03:59]} 27. Qe2 {[%clk 0:02:45]} Bh6
{[%clk 0:03:39]} 28. c4 {[%clk 0:01:36]} Qb6 {[%clk 0:03:42]} 29. Rf1
{[%clk 0:01:40]} fxe4 {[%clk 0:03:26]} 30. dxe4 {[%clk 0:01:37]} Bd7
{[%clk 0:02:29]} 31. Qe3 {[%clk 0:01:29]} Ref7 {[%clk 0:01:59]} 32. Rdf2
{[%clk 0:01:34]} Qc7 {[%clk 0:02:00]} 33. Qc3+ {[%clk 0:01:13]} Kh7
{[%clk 0:01:47]} 34. f5 {[%clk 0:01:02]} gxf5 {[%clk 0:00:57]} 35. exf5
{[%clk 0:01:11]} h4 {[%clk 0:00:57]} 36. Ne2 {[%clk 0:00:52]} Bxf5
{[%clk 0:00:55]} 37. Rxf5 {[%clk 0:01:00]} Rxf5 {[%clk 0:01:04]} 38. Be4
{[%clk 0:01:09]} Kg6 {[%clk 0:01:03]} 39. Bxf5+ {[%clk 0:01:11]} Rxf5
{[%clk 0:01:12]} 40. Rxf5 {[%clk 0:01:19]} Kxf5 {[%clk 0:01:21]} 41. Qf3+
{[%clk 0:01:27]} Kg6 {[%clk 0:00:43]} 42. Qe4+ {[%clk 0:01:31]} d5+ 1/2-1/2

[Event "MCR druzstev mladsich zaku 2016"]
[Site "Hradec Kralove"]
[Date "2016.06.12"]
[Round "7.2"]
[White "Mica (BSS F-M \"A\"), Marek"]
[Black "Macok (Ricany A), Martin"]
[Result "1-0"]
[BlackElo "1419"]
[WhiteElo "1859"]
[LiveChessVersion "1.4.8"]

1. d4 {[%clk 0:25:17]} d5 {[%clk 0:25:19]} 2. c4 {[%clk 0:25:24]} e6
{[%clk 0:25:27]} 3. Nc3 {[%clk 0:25:32]} Nf6 {[%clk 0:25:36]} 4. Bf4
{[%clk 0:25:39]} Bb4 {[%clk 0:24:25]} 5. e3 {[%clk 0:25:41]} Nbd7
{[%clk 0:22:16]} 6. Nf3 {[%clk 0:25:43]} O-O {[%clk 0:19:39]} 7. Bd3
{[%clk 0:25:51]} h6 {[%clk 0:19:00]} 8. O-O {[%clk 0:25:57]} dxc4
{[%clk 0:17:02]} 9. Bxc4 {[%clk 0:26:03]} Nb6 {[%clk 0:16:24]} 10. Qb3
{[%clk 0:25:14]} Bd6 {[%clk 0:14:53]} 11. Bxd6 {[%clk 0:25:09]} Qxd6
{[%clk 0:14:43]} 12. Be2 {[%clk 0:25:09]} a6 {[%clk 0:13:19]} 13. e4
{[%clk 0:25:01]} Qc6 {[%clk 0:11:58]} 14. e5 {[%clk 0:24:45]} Nfd5
{[%clk 0:11:44]} 15. Nxd5 {[%clk 0:24:20]} Qxd5 {[%clk 0:11:36]} 16. Qxd5
{[%clk 0:24:06]} Nxd5 {[%clk 0:11:44]} 17. Rac1 {[%clk 0:24:01]} c6
{[%clk 0:10:58]} 18. Rfd1 {[%clk 0:23:50]} Bd7 {[%clk 0:10:32]} 19. Nd2
{[%clk 0:23:52]} b6 {[%clk 0:09:54]} 20. Nc4 {[%clk 0:23:47]} b5 {[%clk 0:09:02]}
21. Nd6 {[%clk 0:23:54]} Nb6 {[%clk 0:08:52]} 22. Bf3 {[%clk 0:23:57]} Nd5
{[%clk 0:08:19]} 23. Rc5 {[%clk 0:23:27]} a5 {[%clk 0:07:52]} 24. Be4
{[%clk 0:23:23]} Ra6 {[%clk 0:07:20]} 25. Rdc1 {[%clk 0:23:12]} Rb8
{[%clk 0:06:52]} 26. g3 {[%clk 0:22:50]} Rbb6 {[%clk 0:06:41]} 27. f4
{[%clk 0:22:49]} f6 {[%clk 0:05:19]} 28. Bxd5 {[%clk 0:21:37]} cxd5
{[%clk 0:04:21]} 29. Rc7 {[%clk 0:21:27]} Bc6 {[%clk 0:04:03]} 30. Nc8
{[%clk 0:21:32]} Rb7 {[%clk 0:03:00]} 31. R7xc6 {[%clk 0:21:24]} Rxc6
{[%clk 0:02:44]} 32. Rxc6 {[%clk 0:21:31]} fxe5 {[%clk 0:02:38]} 33. fxe5
{[%clk 0:21:36]} Rb8 {[%clk 0:02:32]} 34. Nd6 {[%clk 0:21:37]} b4
{[%clk 0:02:14]} 35. Rc8+ {[%clk 0:21:45]} Rxc8 {[%clk 0:02:22]} 36. Nxc8
{[%clk 0:21:53]} 1-0

[Event "MCR druzstev mladsich zaku 2016"]
[Site "Hradec Kralove"]
[Date "2016.06.12"]
[Round "7.3"]
[White "Strnadova (Ricany A), Monika"]
[Black "Gnojek (BSS F-M \"A\"), Petr"]
[Result "0-1"]
[BlackElo "1748"]
[WhiteElo "1486"]
[LiveChessVersion "1.4.8"]

1. d4 {[%clk 0:25:18]} f5 {[%clk 0:25:16]} 2. Nf3 Nf6 3. Bf4 {[%clk 0:25:05]} g6
{[%clk 0:25:14]} 4. e3 {[%clk 0:24:46]} Bg7 {[%clk 0:25:22]} 5. Bc4
{[%clk 0:24:25]} e6 {[%clk 0:24:17]} 6. Nbd2 {[%clk 0:24:02]} b6 {[%clk 0:23:38]}
7. c3 {[%clk 0:23:26]} Bb7 {[%clk 0:23:32]} 8. Qb3 {[%clk 0:22:33]} Nc6
{[%clk 0:22:39]} 9. O-O-O {[%clk 0:22:10]} Na5 {[%clk 0:21:57]} 10. Qa4
{[%clk 0:21:39]} Nxc4 {[%clk 0:21:41]} 11. Qxc4 {[%clk 0:21:44]} Rc8
{[%clk 0:19:49]} 12. Kb1 {[%clk 0:20:37]} Qe7 {[%clk 0:18:59]} 13. Qa4
{[%clk 0:18:24]} a5 {[%clk 0:17:51]} 14. Qb5 {[%clk 0:18:08]} Bc6
{[%clk 0:17:24]} 15. Qa6 {[%clk 0:17:37]} Ra8 {[%clk 0:17:23]} 16. Qd3
{[%clk 0:17:10]} Ne4 {[%clk 0:16:22]} 17. Rhf1 {[%clk 0:16:09]} d6
{[%clk 0:14:09]} 18. Qc4 {[%clk 0:15:06]} Qd7 {[%clk 0:13:59]} 19. g3
{[%clk 0:13:21]} Bb5 {[%clk 0:13:59]} 20. Qb3 {[%clk 0:12:50]} Bxf1
{[%clk 0:13:47]} 21. Rxf1 {[%clk 0:12:49]} Nxd2+ {[%clk 0:12:01]} 22. Nxd2
{[%clk 0:12:56]} h6 {[%clk 0:11:54]} 23. e4 {[%clk 0:12:50]} Qf7 {[%clk 0:10:08]}
24. e5 {[%clk 0:12:38]} g5 {[%clk 0:09:51]} 25. Be3 {[%clk 0:12:24]} dxe5
{[%clk 0:08:33]} 26. dxe5 {[%clk 0:12:31]} O-O {[%clk 0:08:37]} 27. Nc4
{[%clk 0:12:27]} Qg6 {[%clk 0:06:58]} 28. h4 {[%clk 0:12:14]} f4+
{[%clk 0:07:04]} 29. Qc2 {[%clk 0:12:06]} Qxc2+ {[%clk 0:07:09]} 30. Kxc2
{[%clk 0:12:15]} fxe3 {[%clk 0:07:16]} 0-1

[Event "MCR druzstev mladsich zaku 2016"]
[Site "Hradec Kralove"]
[Date "2016.06.12"]
[Round "7.4"]
[White "Vantuch (BSS F-M \"A\"), Lucian"]
[Black "Hampl (Ricany A), David"]
[Result "1-0"]
[BlackElo "1390"]
[WhiteElo "1736"]
[LiveChessVersion "1.4.8"]

1. e4 {[%clk 0:25:18]} c5 {[%clk 0:25:18]} 2. Nf3 {[%clk 0:25:27]} d6
{[%clk 0:25:25]} 3. d4 {[%clk 0:25:36]} cxd4 {[%clk 0:25:34]} 4. Nxd4
{[%clk 0:25:46]} Nf6 {[%clk 0:25:42]} 5. Nc3 {[%clk 0:25:55]} g6 {[%clk 0:25:51]}
6. Be3 {[%clk 0:26:03]} Bg7 {[%clk 0:26:01]} 7. Bc4 {[%clk 0:26:06]} Nc6
{[%clk 0:26:05]} 8. f3 {[%clk 0:26:10]} Bd7 {[%clk 0:26:14]} 9. Qd2
{[%clk 0:26:14]} Rc8 {[%clk 0:26:15]} 10. Bb3 {[%clk 0:26:22]} Ne5
{[%clk 0:26:19]} 11. g4 {[%clk 0:26:04]} b5 {[%clk 0:25:45]} 12. Bh6
{[%clk 0:25:32]} Bxh6 {[%clk 0:25:34]} 13. Qxh6 {[%clk 0:25:41]} b4
{[%clk 0:25:40]} 14. Nd5 {[%clk 0:24:21]} Nxd5 {[%clk 0:25:04]} 15. Bxd5
{[%clk 0:24:27]} Qb6 {[%clk 0:24:56]} 16. O-O-O {[%clk 0:23:42]} Qc5
{[%clk 0:24:50]} 17. Kb1 {[%clk 0:23:11]} a5 {[%clk 0:24:21]} 18. Rd2
{[%clk 0:22:00]} a4 {[%clk 0:24:07]} 19. Re1 {[%clk 0:20:13]} a3 {[%clk 0:24:06]}
20. Qg7 {[%clk 0:17:32]} Rf8 {[%clk 0:24:10]} 21. f4 {[%clk 0:16:49]} Nxg4
{[%clk 0:23:14]} 22. Bb3 {[%clk 0:15:30]} axb2 {[%clk 0:21:45]} 23. e5
{[%clk 0:15:36]} Qc3 {[%clk 0:21:38]} 24. exd6 {[%clk 0:15:36]} e6
{[%clk 0:20:40]} 25. Bxe6 {[%clk 0:12:34]} Ne3 {[%clk 0:18:12]} 26. Bxf7+
{[%clk 0:11:35]} Rxf7 {[%clk 0:17:16]} 27. Qe5+ {[%clk 0:10:35]} Kf8
{[%clk 0:17:15]} 28. Qg7+ 1-0

[Event "MCR druzstev mladsich zaku 2016"]
[Site "Hradec Kralove"]
[Date "2016.06.12"]
[Round "7.5"]
[White "Bartos (Ricany A), Vaclav"]
[Black "Fizerova (BSS F-M \"A\"), Lucie"]
[Result "1-0"]
[BlackElo "1496"]
[WhiteElo "1232"]
[LiveChessVersion "1.4.8"]

1. e4 {[%clk 0:25:17]} c5 {[%clk 0:25:20]} 2. Nf3 Nc6 3. d4 {[%clk 0:25:34]} cxd4
{[%clk 0:25:38]} 4. Nxd4 {[%clk 0:25:42]} Nf6 {[%clk 0:25:48]} 5. Nc3
{[%clk 0:25:50]} e5 {[%clk 0:25:56]} 6. Nf3 {[%clk 0:25:52]} d6 {[%clk 0:26:05]}
7. Bg5 {[%clk 0:25:50]} Be7 {[%clk 0:26:13]} 8. Be2 {[%clk 0:25:30]} O-O
{[%clk 0:26:12]} 9. O-O {[%clk 0:25:24]} Bg4 {[%clk 0:26:07]} 10. h3
{[%clk 0:25:31]} Bxf3 11. Bxf3 {[%clk 0:25:34]} Nd4 {[%clk 0:26:21]} 12. Be3
{[%clk 0:23:48]} Ne6 {[%clk 0:26:05]} 13. Nd5 {[%clk 0:23:13]} Nxd5
{[%clk 0:26:04]} 14. exd5 {[%clk 0:23:09]} Nc5 {[%clk 0:25:42]} 15. Re1
{[%clk 0:22:15]} f5 {[%clk 0:25:44]} 16. Bxc5 {[%clk 0:22:09]} dxc5
{[%clk 0:25:41]} 17. Rxe5 {[%clk 0:22:04]} Bd6 {[%clk 0:24:41]} 18. Re6
{[%clk 0:21:19]} Qc7 {[%clk 0:24:24]} 19. Bh5 {[%clk 0:19:23]} Rad8
{[%clk 0:23:41]} 20. c4 {[%clk 0:19:17]} Be5 {[%clk 0:19:18]} 21. Qe2
{[%clk 0:19:14]} Bd4 {[%clk 0:18:47]} 22. Re1 {[%clk 0:17:39]} g6
{[%clk 0:17:00]} 23. Bxg6 {[%clk 0:16:38]} hxg6 {[%clk 0:17:02]} 24. Rxg6+
{[%clk 0:16:45]} Bg7 {[%clk 0:17:03]} 25. Qh5 {[%clk 0:15:23]} Rfe8
{[%clk 0:16:58]} 26. Rxe8+ {[%clk 0:14:49]} Rxe8 {[%clk 0:17:07]} 27. Rxg7+
{[%clk 0:14:57]} Qxg7 {[%clk 0:17:13]} 28. Qxe8+ {[%clk 0:15:04]} Kh7
{[%clk 0:17:19]} 29. Qh5+ {[%clk 0:14:59]} Kg8 {[%clk 0:17:20]} 30. Qxf5
{[%clk 0:14:51]} Qxb2 {[%clk 0:17:21]} 31. d6 {[%clk 0:13:51]} Qd4
{[%clk 0:17:20]} 32. Qd5+ {[%clk 0:12:46]} Kf8 {[%clk 0:17:14]} 33. Qxd4
{[%clk 0:12:27]} cxd4 {[%clk 0:17:22]} 34. c5 {[%clk 0:12:35]} d3
{[%clk 0:17:24]} 35. Kf1 1-0

[Event "MCR druzstev mladsich zaku 2016"]
[Site "Hradec Kralove"]
[Date "2016.06.12"]
[Round "7.6"]
[White "Fizer (BSS F-M \"A\"), Marek"]
[Black "Smolik (Ricany A), Jachym"]
[Result "1-0"]
[BlackElo "1284"]
[WhiteElo "1522"]
[LiveChessVersion "1.4.8"]

1. e4 {[%clk 0:25:27]} c5 {[%clk 0:25:26]} 2. Nf3 {[%clk 0:25:35]} d6
{[%clk 0:25:34]} 3. d4 {[%clk 0:25:42]} cxd4 {[%clk 0:25:41]} 4. Nxd4
{[%clk 0:25:48]} Nf6 {[%clk 0:25:49]} 5. Nc3 {[%clk 0:25:54]} Nc6
{[%clk 0:25:57]} 6. Be3 {[%clk 0:26:01]} g6 {[%clk 0:26:04]} 7. f3
{[%clk 0:25:56]} Bg7 {[%clk 0:26:07]} 8. Qd2 {[%clk 0:26:01]} Bd7
{[%clk 0:26:13]} 9. g4 {[%clk 0:25:42]} Ne5 {[%clk 0:25:57]} 10. O-O-O
{[%clk 0:25:26]} Nc4 {[%clk 0:25:58]} 11. Bxc4 {[%clk 0:25:33]} Bc6
{[%clk 0:25:27]} 12. Bh6 {[%clk 0:25:26]} Bxh6 {[%clk 0:25:27]} 13. Qxh6
{[%clk 0:25:32]} Rf8 {[%clk 0:24:21]} 14. e5 {[%clk 0:20:14]} Bxf3
{[%clk 0:24:15]} 15. exf6 {[%clk 0:17:43]} exf6 {[%clk 0:24:14]} 16. Rhe1+
{[%clk 0:16:54]} Kd7 {[%clk 0:24:04]} 17. Nxf3 {[%clk 0:16:53]} Qc7
{[%clk 0:23:30]} 18. Bb5+ {[%clk 0:16:41]} Qc6 {[%clk 0:23:07]} 19. Qf4
{[%clk 0:16:18]} Kc7 {[%clk 0:22:47]} 20. Bxc6 {[%clk 0:16:20]} bxc6
{[%clk 0:22:52]} 21. Qxd6+ {[%clk 0:16:19]} Kb6 {[%clk 0:22:59]} 22. Nd5+
{[%clk 0:15:37]} Kb5 {[%clk 0:22:22]} 23. Nd4+ {[%clk 0:15:41]} Ka4
{[%clk 0:19:22]} 24. Qxc6+ {[%clk 0:15:25]} Ka5 {[%clk 0:19:30]} 25. b4# 1-0

[Event "MCR druzstev mladsich zaku 2016"]
[Site "Hradec Kralove"]
[Date "2016.06.12"]
[Round "7.7"]
[White "Kures (Loko Brno), Michael"]
[Black "Hofman (Novy Bor), Krystof"]
[Result "1/2-1/2"]
[BlackElo "1732"]
[WhiteElo "1633"]
[LiveChessVersion "1.4.8"]

1. d4 {[%clk 0:25:19]} Nf6 {[%clk 0:25:05]} 2. f4 {[%clk 0:25:23]} d5
{[%clk 0:24:58]} 3. Nf3 {[%clk 0:25:30]} e6 {[%clk 0:24:58]} 4. e3
{[%clk 0:25:37]} Nbd7 {[%clk 0:25:02]} 5. c3 {[%clk 0:25:46]} b6 {[%clk 0:25:05]}
6. Bd3 {[%clk 0:25:54]} Be7 {[%clk 0:25:02]} 7. Nbd2 {[%clk 0:26:02]} Bb7
{[%clk 0:25:02]} 8. Ne5 {[%clk 0:26:10]} c6 {[%clk 0:24:24]} 9. O-O
{[%clk 0:26:05]} Nxe5 {[%clk 0:23:24]} 10. fxe5 {[%clk 0:26:08]} Nd7
{[%clk 0:23:04]} 11. Qh5 {[%clk 0:26:07]} g6 {[%clk 0:22:20]} 12. Qh6
{[%clk 0:24:33]} Bg5 {[%clk 0:19:34]} 13. Qg7 {[%clk 0:24:27]} Rf8
{[%clk 0:19:00]} 14. Nf3 {[%clk 0:23:31]} h6 {[%clk 0:16:04]} 15. Nxg5
{[%clk 0:22:49]} hxg5 {[%clk 0:13:33]} 16. e4 {[%clk 0:22:17]} Qe7
{[%clk 0:12:54]} 17. exd5 {[%clk 0:22:13]} cxd5 {[%clk 0:12:00]} 18. Bxg6
{[%clk 0:20:20]} Ba6 {[%clk 0:07:11]} 19. Bxg5 {[%clk 0:19:19]} Nf6
{[%clk 0:05:35]} 20. Qxf6 {[%clk 0:14:49]} Qxf6 {[%clk 0:05:31]} 21. Rxf6
{[%clk 0:14:55]} fxg6 {[%clk 0:05:17]} 22. Rxe6+ {[%clk 0:15:01]} Kf7
{[%clk 0:04:57]} 23. Rf6+ {[%clk 0:14:59]} Kg7 {[%clk 0:04:59]} 24. Bh6+
{[%clk 0:15:07]} Kxh6 {[%clk 0:04:54]} 25. Rxf8 {[%clk 0:14:55]} Rxf8
{[%clk 0:04:59]} 26. Re1 {[%clk 0:14:49]} Kg7 {[%clk 0:04:46]} 27. g3
{[%clk 0:14:51]} Kf7 {[%clk 0:04:51]} 28. Kg2 {[%clk 0:14:56]} Ke6
{[%clk 0:04:51]} 29. Rg1 {[%clk 0:14:45]} Bd3 {[%clk 0:04:42]} 30. Re1
{[%clk 0:14:43]} g5 {[%clk 0:04:12]} 31. Rd1 {[%clk 0:14:40]} Be4+
{[%clk 0:04:13]} 32. Kg1 {[%clk 0:14:47]} g4 {[%clk 0:03:49]} 33. Rd2
{[%clk 0:14:48]} a6 {[%clk 0:03:35]} 34. Re2 {[%clk 0:14:53]} Bf3
{[%clk 0:03:31]} 35. Re1 {[%clk 0:14:55]} b5 {[%clk 0:03:34]} 36. Kf2
{[%clk 0:14:29]} Be4+ {[%clk 0:03:37]} 37. Kg1 {[%clk 0:13:57]} a5
{[%clk 0:03:33]} 38. a3 {[%clk 0:13:24]} Bd3 {[%clk 0:03:21]} 39. Rd1
{[%clk 0:13:09]} Be4 {[%clk 0:03:08]} 40. Re1 {[%clk 0:13:09]} a4
{[%clk 0:03:04]} 41. Rc1 {[%clk 0:13:09]} Rf3 42. Rf1 Rd3 43. Rf6+ Rf3 1/2-1/2

[Event "MCR druzstev mladsich zaku 2016"]
[Site "Hradec Kralove"]
[Date "2016.06.12"]
[Round "7.8"]
[White "Hurtik (Novy Bor), Matej"]
[Black "Hvozdovic (Loko Brno), Jan"]
[Result "1-0"]
[BlackElo "1600"]
[WhiteElo "1531"]
[LiveChessVersion "1.4.8"]

1. e4 {[%clk 0:25:17]} c5 {[%clk 0:25:19]} 2. Nf3 {[%clk 0:25:21]} e6
{[%clk 0:25:33]} 3. c3 {[%clk 0:25:28]} d5 {[%clk 0:25:38]} 4. e5
{[%clk 0:25:36]} Nc6 {[%clk 0:25:42]} 5. d4 {[%clk 0:25:43]} Qb6 {[%clk 0:25:34]}
6. Bd3 {[%clk 0:25:51]} cxd4 {[%clk 0:25:15]} 7. cxd4 {[%clk 0:25:56]} Nxd4
{[%clk 0:25:01]} 8. Nxd4 {[%clk 0:26:04]} Bc5 {[%clk 0:24:00]} 9. Nf3
{[%clk 0:25:23]} Bxf2+ {[%clk 0:23:49]} 10. Kf1 {[%clk 0:25:31]} Bc5
{[%clk 0:23:39]} 11. Nc3 {[%clk 0:25:37]} Bd7 {[%clk 0:23:17]} 12. Qe2
{[%clk 0:24:38]} Ne7 {[%clk 0:22:38]} 13. h4 {[%clk 0:22:10]} h6 {[%clk 0:20:10]}
14. g4 {[%clk 0:21:32]} O-O-O {[%clk 0:16:28]} 15. Qc2 {[%clk 0:21:28]} Kb8
{[%clk 0:15:32]} 16. b4 {[%clk 0:21:13]} Bd4 {[%clk 0:14:07]} 17. a4
{[%clk 0:20:03]} Rc8 {[%clk 0:13:18]} 18. Bb2 {[%clk 0:19:59]} Qxb4
{[%clk 0:11:56]} 19. Nxd4 {[%clk 0:19:53]} Qxd4 {[%clk 0:11:49]} 20. Ne2
{[%clk 0:19:00]} Rxc2 {[%clk 0:11:27]} 21. Bxd4 {[%clk 0:19:07]} Rcc8
{[%clk 0:10:46]} 22. Kg2 {[%clk 0:18:49]} Nc6 {[%clk 0:10:14]} 23. Bf2
{[%clk 0:18:54]} Ka8 {[%clk 0:09:43]} 24. Bg3 {[%clk 0:18:44]} Nb4
{[%clk 0:08:59]} 25. Bb5 {[%clk 0:18:19]} Nc6 {[%clk 0:06:57]} 26. Rhf1
{[%clk 0:17:56]} Rhf8 {[%clk 0:06:16]} 27. Rae1 {[%clk 0:16:56]} a6
{[%clk 0:06:12]} 28. Bxc6 {[%clk 0:16:18]} Bxc6 {[%clk 0:06:06]} 29. Bf2
{[%clk 0:15:52]} Rfd8 {[%clk 0:04:01]} 30. Bb6 {[%clk 0:15:57]} Rd7
{[%clk 0:03:53]} 31. Nd4 {[%clk 0:15:39]} Bxa4 {[%clk 0:03:25]} 32. Re2
{[%clk 0:15:41]} Re7 {[%clk 0:02:19]} 33. Ref2 {[%clk 0:15:48]} Be8
{[%clk 0:02:22]} 34. Ne2 {[%clk 0:15:14]} Rc6 {[%clk 0:02:11]} 35. Be3
{[%clk 0:15:15]} Rec7 {[%clk 0:01:20]} 36. Nf4 {[%clk 0:15:19]} Rc4
{[%clk 0:00:55]} 37. Kf3 {[%clk 0:13:22]} Rc3 {[%clk 0:00:43]} 38. Ne2
{[%clk 0:12:57]} Ra3 {[%clk 0:00:17]} 39. Nd4 {[%clk 0:12:34]} 1-0

[Event "MCR druzstev mladsich zaku 2016"]
[Site "Hradec Kralove"]
[Date "2016.06.12"]
[Round "7.9"]
[White "Faja (Loko Brno), Vilem"]
[Black "Sichrovsky (Novy Bor), Tomas"]
[Result "0-1"]
[BlackElo "1411"]
[WhiteElo "1633"]
[LiveChessVersion "1.4.8"]

1. d4 {[%clk 0:25:30]} Nf6 {[%clk 0:25:27]} 2. c4 {[%clk 0:25:38]} e6
{[%clk 0:25:34]} 3. Bg5 {[%clk 0:25:46]} c5 {[%clk 0:25:38]} 4. d5
{[%clk 0:25:45]} e5 {[%clk 0:25:36]} 5. Nc3 {[%clk 0:25:45]} d6 {[%clk 0:25:42]}
6. e4 {[%clk 0:25:28]} Be7 {[%clk 0:25:42]} 7. Nf3 {[%clk 0:25:32]} O-O
{[%clk 0:25:45]} 8. Bd3 {[%clk 0:25:35]} Bg4 {[%clk 0:25:42]} 9. O-O
{[%clk 0:24:47]} Ne8 {[%clk 0:25:26]} 10. Bxe7 {[%clk 0:24:51]} Qxe7
{[%clk 0:25:31]} 11. Be2 {[%clk 0:24:59]} Bd7 {[%clk 0:24:08]} 12. Qb3
{[%clk 0:24:43]} b6 {[%clk 0:23:58]} 13. a3 {[%clk 0:24:13]} f5 {[%clk 0:24:00]}
14. Bd3 {[%clk 0:23:32]} f4 {[%clk 0:22:39]} 15. g3 {[%clk 0:22:42]} Bh3
{[%clk 0:22:18]} 16. Rfe1 {[%clk 0:22:43]} fxg3 {[%clk 0:22:23]} 17. Be2
{[%clk 0:22:30]} gxh2+ {[%clk 0:21:45]} 18. Kxh2 {[%clk 0:22:39]} Bg4
{[%clk 0:21:36]} 19. Nd1 {[%clk 0:22:36]} Bxf3 {[%clk 0:21:22]} 20. Bxf3
{[%clk 0:22:44]} Qh4+ {[%clk 0:21:21]} 21. Kg2 {[%clk 0:22:43]} Qg5+
{[%clk 0:20:10]} 22. Kf1 {[%clk 0:22:50]} Nf6 {[%clk 0:19:23]} 23. Ke2
{[%clk 0:22:30]} Qf4 {[%clk 0:17:32]} 24. Nc3 {[%clk 0:19:58]} Ng4
{[%clk 0:16:18]} 25. Nb5 {[%clk 0:19:40]} Nd7 {[%clk 0:15:30]} 26. Nxd6
{[%clk 0:19:44]} Nh2 {[%clk 0:15:13]} 27. Bh1 {[%clk 0:15:34]} Qxf2+
{[%clk 0:14:57]} 28. Kd1 {[%clk 0:15:28]} Nf3 {[%clk 0:13:33]} 29. Bxf3
{[%clk 0:15:06]} Rxf3 {[%clk 0:13:32]} 30. Qc2 {[%clk 0:14:52]} Qd4+
{[%clk 0:13:12]} 31. Kc1 {[%clk 0:14:52]} Rf2 {[%clk 0:12:56]} 32. Qc3
{[%clk 0:14:42]} Qxc3+ {[%clk 0:12:25]} 33. bxc3 {[%clk 0:14:50]} h5
{[%clk 0:12:02]} 34. Rh1 {[%clk 0:14:21]} g6 {[%clk 0:11:56]} 35. Rg1
{[%clk 0:13:33]} Rf6 {[%clk 0:11:05]} 36. Nf5 {[%clk 0:13:39]} Kh7
{[%clk 0:10:41]} 37. Nh4 {[%clk 0:13:20]} Raf8 {[%clk 0:10:25]} 38. Ra2
{[%clk 0:12:35]} Rf1+ {[%clk 0:09:49]} 39. Rxf1 {[%clk 0:12:43]} Rxf1+
{[%clk 0:09:57]} 40. Kc2 {[%clk 0:12:52]} Rf2+ {[%clk 0:10:04]} 41. Kb1
{[%clk 0:13:01]} Rxa2 {[%clk 0:10:09]} 42. Kxa2 {[%clk 0:13:09]} g5
{[%clk 0:10:13]} 43. Nf3 {[%clk 0:12:35]} Kg6 {[%clk 0:10:15]} 44. Kb2
{[%clk 0:12:43]} g4 {[%clk 0:10:19]} 45. Ng1 {[%clk 0:11:23]} Kg5
{[%clk 0:10:26]} 46. Kc2 {[%clk 0:11:25]} Kf4 {[%clk 0:10:27]} 47. Kd3
{[%clk 0:11:32]} h4 {[%clk 0:10:29]} 48. Ke2 {[%clk 0:11:38]} Kxe4
{[%clk 0:10:34]} 49. Kf2 {[%clk 0:11:32]} Kf4 {[%clk 0:10:42]} 50. Ne2+
{[%clk 0:11:33]} Ke4 {[%clk 0:10:44]} 51. Ng1 {[%clk 0:11:41]} g3+
{[%clk 0:10:41]} 52. Kg2 {[%clk 0:11:47]} Kf4 {[%clk 0:10:15]} 53. Kh3
{[%clk 0:10:39]} Kg5 {[%clk 0:08:46]} 54. Nf3+ {[%clk 0:10:41]} Kf4
{[%clk 0:08:52]} 55. Nxh4 {[%clk 0:10:49]} e4 {[%clk 0:08:57]} 56. Kg2
{[%clk 0:10:43]} Kg4 {[%clk 0:08:57]} 57. Ng6 {[%clk 0:09:56]} e3
{[%clk 0:08:49]} 0-1